000
00358nam a2200145Ia 4500
008
151213s9999 xx 000 0 und d
100
_a
Herman Melville
245
_a
Moby Dick
_c
Herman Melville
260
_b
Collins
_c
1953
300
_a
8859 p.
650
_a
English Literature
650
_a
English Literature
700
_a
Herman Melville
999
_c
4644
_d
4644